Šesťdesiatka Ing. Radovana Poděla

Bibliographic Details
Main Author: Nemček, Štefan, 1929-1990 (Author)
Format: Article
Language:Slovak
PhysicalDescription:Obr. 1.
Subjects:

MARC

LEADER 00000nab a2200000 a 4500
001 vtls000330623
003 SK-MaSNL
005 20260304012010.0
008 230120c1987 xo 0 slo
015 |a SNBRB19rr/mm-uuuuu 
035 |a CL0330745 
035 |a urn:nbn:sk:snk-ab2lcs 
035 |a (urnnbn)urn:nbn:sk:snk:ar-a02lh2 
035 |a (uuid)0dc56d8e-89d5-4071-8b66-457ef2c98d0c 
040 |a SNKBUCL  |b slo  |c SNKBUCL  |e AACR2 
041 0 |a slo 
044 |a xo  |c SK 
080 |a 624.132-051  |2 1981 
080 |a 622.235  |2 1981 
080 |a 929 Poděl, Radovan  |2 1981 
100 1 |a Nemček, Štefan,  |d 1929-1990  |4 aut  |9 249092 
245 1 0 |a Šesťdesiatka Ing. Radovana Poděla  |c Štefan Nemček ; Radovan Poděl 
300 |b Obr. 1. 
600 1 7 |a Poděl, Radovan  |d 1927-  |x profily  |2 snkbucl  |9 1291328 
650 0 7 |a Poděl, Radovan  |2 snkbucl  |9 944560 
655 7 |a články z novín a časopisov  |2 snkbucl  |9 267496 
773 0 |t Inženýrské stavby  |g Roč. 35, č. 11 (1987), s. 639-640 
850 |a Slovenská národná knižnica v Martine  |a MTA001 
852 |a SNK  |b KIS3GCP 
954 |a odborná, vedecká literatúra pôvodná (slovenská)  |2 lita 
958 |a RK 
958 |a CZ 
958 |a OND 
958 |a EUIPO 
958 |a article2022 
992 |a RBX 
999 |c 2569089  |d 2571019